000 00680nam a2200241Ia 4500
003 OSt
005 20221005101700.0
006 a|||||r|||| 00| 0
007 ta
008 221004b |||||||| |||| 00| 0 mal d
024 _a48594
037 _cTextual
040 _aCRL
_cCRL
_bmal
041 _2mal
_amal
082 _aO32,1N31x, M7
100 _aMenon Vyloppilli Sreedhara
_9622523
245 0 _aKrishnamrigangal = Poems
260 _aTrichur
_bVyloppilli Smaraka Samithy India
_c1987
300 _a84
_ccm.
650 _aMALAYALAM POETRY
_9185636
942 _hO32,1N31x, M7
_cTEXL
_2cc
999 _c1007200
_d1007200